VIII Censo de población y IV de vivienda : población municipios volumen 2
| Main Author: | |
|---|---|
| Format: | Section = Libro |
| Language: | Undetermined Spanish |
| Published: |
Managua
INIDE
2007
|
| Subjects: |
| LEADER | 00630nam a2200205Ia 4500 | ||
|---|---|---|---|
| 008 | 240829s9999 xx 000 0 und d | ||
| 040 | |a BIBLIOTECA-RUSB/ Ref 312 N583 | ||
| 041 | |a spa | ||
| 082 | |a Ref 312 N583 | ||
| 100 | 1 | |a Nicaragua. Instituto Nacional de Información de Desarrollo | |
| 245 | 1 | 0 | |a VIII Censo de población y IV de vivienda : población municipios volumen 2 |
| 260 | |a Managua |b INIDE |c 2007 | ||
| 300 | |a 469 p. :il. | ||
| 650 | 7 | |a ESTADISTICA DE POBLACION - CIFRAS | |
| 650 | 7 | |b POBLACION | |
| 650 | 7 | |c TASA DE CRECIMIENTO | |
| 650 | 7 | |d DISTRIBUCION DE HOGAR | |
| 942 | |c BK |2 ddc | ||
| 991 | |a TEXTO | ||
| 999 | |c 5719 | ||